00747nam a22002417a 4500003000400000005001700004008004100021040001800062050001900080100002800099240004100127245007500168264003500243300002600278336002200304337002400326338002400350490003000374500004600404650002300450942001500473999001700488OSt20260530115314.0260420b2005 sp |||| |||| 00| 0 spa d aICIbspacICI 4aLB1027 bG37181 aGardner, Howard,eautor aFive minds of the future.lEspañol14aLas cinco mentes del futuro : bun ensayo educativo / cHoward Gardner aBarcelona :bPaidós, cc2005 a113 páginasc17 cm. 2rdacontentatexto 2rdamediaasin medio 2rdacarrieravolumen0 aPaidós asterisco ;v 11 aTraducción de: Five minds of the future4 aEducación924402 2lccn0cBK c13491d13491